Normal view
MARC view
Entry Personal Name
001 - CONTROL NUMBER
- control field: 25828
003 - CONTROL NUMBER IDENTIFIER
- control field: ARRUPE
005 - DATE AND TIME OF LATEST TRANSACTION
- control field: 20160914120126.0
008 - FIXED-LENGTH DATA ELEMENTS
- fixed length control field: 160914|| aca||aabn | a|a d
040 ## - CATALOGING SOURCE
- Original cataloging agency: ARRUPE
- Transcribing agency: ARRUPE
100 ## - HEADING--PERSONAL NAME
- Personal name: Frobenius, Leo,
- Dates associated with a name: 1873-1938.
670 ## - SOURCE DATA FOUND
- Source citation: Work cat.: (ARRUPE)0: Frobenius, Leo, 1873-1938., Kulturgeschichte Afrikas;, [c1933]